Les Pokémon uniquement femelles - Statistiques

Statistiques générales
  • Ce quiz a été pris 581 fois
    326 depuis la dernière actualisation
  • Le résultat moyen est 15 sur 32
Statistiques - réponses
Hint Réponse % Correct
031 Nidoqueen
83%
030 Nidorina
81%
416 Apireine
80%
029 Nidoran
78%
758 Malamandre
73%
478 Momartik
62%
124 Lippoutou
61%
113 Leveinard
58%
242 Leuphorie
56%
238 Lippouti
55%
440 Ptiravi
55%
413 Cheniselle
54%
241 Ecrémeuh
54%
115 Kangourex
49%
380 Latias
49%
488 Cresselia
38%
762 Sucreine
37%
671 Florges
36%
669 Flabébé
35%
670 Floette
34%
762 Candine
32%
761 Croquine
32%
858 Sorcilence
32%
630 Vaututrice
32%
857 Chapotus
31%
314 Lumivole
31%
856 Bibichut
30%
629 Vostourno
30%
549 Fragilady
29%
548 Chlorobule
27%
869 Charmilly
24%
868 Crèmy
24%
Aucun quiz correspondant
Distribution des résultats
% des personnes avec chaque résultat
Percentile par nombre de réponses
Votre historique - résultats
Vous n’avez pas pris ce quiz depuis la dernière actualisation